Delitos contra el patrimonio económico / (Registro nro. 5961)

Detalles MARC
000 -LEADER
fixed length control field 00887nam a2200229Ia 4500
003 - CONTROL NUMBER IDENTIFIER
control field OSt
005 - DATE AND TIME OF LATEST TRANSACTION
control field 20200911122740.0
008 - FIXED-LENGTH DATA ELEMENTS--GENERAL INFORMATION
fixed length control field 191128s1981 ck gr 000 0 spa d
040 ## - CATALOGING SOURCE
Original cataloging agency CO-JMCR
Transcribing agency CO-JMCR
041 0# - LANGUAGE CODE
Language code of text/sound track or separate title spa
082 04 - DEWEY DECIMAL CLASSIFICATION NUMBER
Classification number 364.16 /
Item number A383d
Edition number 23
100 1# - MAIN ENTRY--PERSONAL NAME
Personal name Aguilar Pardo, José,
Relator term autor
9 (RLIN) 10173
245 10 - TITLE STATEMENT
Title Delitos contra el patrimonio económico /
Statement of responsibility, etc. José Aguilar Pardo y Gilberto Martínez Rave
260 ## - PUBLICATION, DISTRIBUTION, ETC.
Place of publication, distribution, etc. Medellín :
Name of publisher, distributor, etc. Editorial Lealon,
Date of publication, distribution, etc. 1981
300 ## - PHYSICAL DESCRIPTION
Extent 119 páginas ;
Dimensions 20 cm.
490 0# - SERIES STATEMENT
Series statement Colección actualidad juridica ;
Volume/sequential designation 1
505 0# - FORMATTED CONTENTS NOTE
Formatted contents note Nociones de los delitos contra el patrimonio económico -- El cheque ante las nuevas normas penales -- Apéndices legislativos Ley 95 de 1936
650 14 - SUBJECT ADDED ENTRY--TOPICAL TERM
Topical term or geographic name entry element Delitos contra el patrimonio económico
9 (RLIN) 10174
650 14 - SUBJECT ADDED ENTRY--TOPICAL TERM
Topical term or geographic name entry element Código penal
9 (RLIN) 10175
700 1# - ADDED ENTRY--PERSONAL NAME
Personal name Martínez Rave, Gilberto,
Relator term autor
9 (RLIN) 10176
942 ## - ADDED ENTRY ELEMENTS (KOHA)
Source of classification or shelving scheme Dewey Decimal Classification
Koha item type Books
Existencias
Withdrawn status Lost status Source of classification or shelving scheme Damaged status Not for loan Collection code Home library Current library Date acquired Source of acquisition Full call number Barcode Date last seen Copy number Koha item type
    Dewey Decimal Classification     Non-fiction Biblioteca Pública José María del Castillo y Rada Biblioteca Pública José María del Castillo y Rada 08/15/2018 Donación 364.16 / A383d 430011287 05/16/2024 Ej.1 Books